U.S. Cities Over 100,000 - I - Statistics

General Stats
  • This quiz has been taken 102 times
  • The average score is 3 of 5
Answer Stats
Pop. City % Correct
820,445 Indianapolis
100%
212,375 Irvine
71%
216,290 Irving
68%
110,654 Inglewood
40%
117,030 Independence
26%
No matching quizzes found
Score Distribution
Percent of People with Each Score
Percentile by Number Answered
Your Score History
You have not taken this quiz